Invoking Ambedkar : (Record no. 89146)

MARC details
000 -LEADER
fixed length control field 00755nam a22002177a 4500
005 - DATE AND TIME OF LATEST TRANSACTION
control field 20141015111038.0
010 ## - LCCN (DPL NO)
LC control number ENG-111000
020 ## - INTERNATIONAL STANDARD BOOK NUMBER
International Standard Book Number 9789380607900
Terms of availability 795.00
035 ## - SYSTEM CONTROL NUMBER
System control number EN-94532
037 ## - SOURCE OF ACQUISITION
Source of stock number/acquisition DBAD/PUB
082 ## - DEWEY DECIMAL CLASSIFICATION NUMBER
Classification number 954.035
245 ## - TITLE STATEMENT
Title Invoking Ambedkar :
Statement of responsibility, etc edited by Biswamoy Pati
Remainder of title contributions, receptions, legacies /
260 ## - PUBLICATION, DISTRIBUTION, ETC. (IMPRINT)
Place of publication, distribution, etc New Delhi
Name of publisher, distributor, etc Primus Books
Date of publication, distribution, etc 2014
270 ## - ADDRESS
Address Virat Bhavan, Mukherjee Nagar Commercial Complex
City New Delhi
Postal code 110009
300 ## - PHYSICAL DESCRIPTION
Extent xii,172p.
Dimensions 25cm(Hb)
500 ## - GENERAL NOTE
General note Contributed articles.
500 ## - GENERAL NOTE
General note Includes bibliographical references and index.
600 ## - SUBJECT ADDED ENTRY--PERSONAL NAME
Personal name Ambedkar, B. R.,
Dates associated with a name 1891-1956
General subdivision Political and social views.
700 ## - ADDED ENTRY--PERSONAL NAME
Personal name Pati,Biswamoy
942 ## - ADDED ENTRY ELEMENTS (KOHA)
Source of classification or shelving scheme Dewey Decimal Classification
Item type English Books
Call number suffix INV
Classification part 954.035
Holdings
Withdrawn status Lost status Not for loan Collection code Home library Current library Date acquired Source of acquisition Cost, normal purchase price Full call number Barcode Copy number Cost, replacement price Koha item type
    Not For Loan Non-fiction D.B.Act.Division D.B.Act.Division 07/10/2014 DBAD/PUB 795.00 954.035 INV EN-94532 1 795.00 English Books

© Delhi Public Library
Hit Counter
free hit counter